| 000 | 00000nam##2200000za#4500 |
| 001 | 9.599553 |
| 003 | CaOODSP |
| 005 | 20240501092931 |
| 007 | cr ||||||||||| |
| 008 | 150406|1998||||xxc|||||o f|0| 0 fre|d |
| 040 | |aCaOODSP|bfre |
| 043 | |an-cn--- |
| 086 | 1 |aPS83-3/72F-PDF |
| 110 | 2 |aService correctionnel Canada. |
| 245 | 10|aÉvaluation des résultats du traitement chez les délinquants auteurs de violence familiale : |h[ressource électronique]|bfiabilité et validité d'un ensemble de tests d'évaluation du traitement de la violence familiale / |c[par] Kelley Blanchette, David Robinson, Christine Alksnis et Ralph Serin. |
| 260 | |bService correctionnel Canada |cJuillet 1998. |
| 300 | |a77p.|bréférences, tableaux |
| 490 | 1 |aRapport de recherche|v[R-72] |
| 590 | |a10-12-Supp|b2010-11-18 |
| 720 | 1 |aRobinson, David |
| 720 | 1 |aSerin, Ralph C. |
| 720 | 1 |aBlanchette, Kelley |
| 720 | 1 |aAlksnis, Christine |
| 775 | 08|tAssessing treatment change among family violent offenders : |w(CaOODSP)9.568263 |
| 830 | #0|aRapport de recherche (Service correctionnel Canada. Direction de la recherche)|v[R-72]|w(CaOODSP)9.502465 |
| 856 | 40|ahttp://publications.gc.ca|qPDF|s249 Ko|uhttps://publications.gc.ca/collections/collection_2010/scc-csc/PS83-3-72-fra.pdf|y[R-72] |